000 01178nam0a22002771 4500
001 rc\4915341
005 20250613040335.0
021 _aRU
_b[64-65923]
035 _a(NLR Aleph) 008937724
090 _a8925910
_c8925910
100 _a20130426d1964 |||y0rusy50 ca
101 0 _arus
102 _aRU
105 _aa z |||||
200 1 _aПрименение химических средств защиты растений в КБАССР
210 _aНальчик
_cКабард.-Балкар. кн. изд-во
_d1964
215 _a55 с.
_cил.
_d17
606 _aСорняки
_xХимический способ борьбы
_yКабардино-Балкарская АССР
_2psbo
606 _aСельскохозяйственные культуры
_xБолезни и вредители
_xХимический способ борьбы
_yКабардино-Балкарская АССР
_2psbo
700 1 _aХаниев
_bМ.Х.
_gМирон Хагуцирович
701 1 _aКузнецова
_bМ.А.
_gМария Анатольевна
801 0 _aRU
_bNLR
_gpsbo
801 1 _aRU
_bELAR
_2rusmarc
852 _aNLR
_j64-2/2497
942 _cBOOK
980 _aNB